LEADER 01580nam a2200313 4500 001 000000341021 003 CaOOAMICUS 005 20210420155518.0 008 200710s1981 fr 000 u fre r 040 $aSeMil$bita 100 0 $aIoannes Paulus II,$c.$0(OLS)http://semarc/name/646 245 13$aLe travail humain (Laborem exercens) /$cJean-Paul 2. 264 1$aTournai :$bCentre Diocesain de Documentation,$c1981. 300 $a80 p. ;$c18 cm 490 1 $aCollection Documents 500 $aLettre encyclique adressée par le pape à ses frères dans l'épiscopat, aux prêtres, aux familles religieuses, à ses fils et filles dans l'Eglise et à tout les hommes de bonne volonté, à l'occasion du 90e anniversaire de l'encyclique «Rerum Novarum» (14 septembre 1981) 541 0 $aFondo Card. Giovanni Colombo 650 4$aGiovanni Paolo II - Encicliche . Laborem exercens.$0(OLS)http://semarc/subject/17596 830 0$aDocuments ;$v21.$0(OLS)http://semarc/title/430075 850 $aSeMil 852 $aSeMil$W1$xVenegono$y1$m3GC VIII 255/14$j220941$B232023$CSeMilBibl$Z2$F232023 $8B 900 1 $aWojtyla, Karol,$d<1920-2005>. 900 0 $aGiovanni Paolo II$c. 961 $aFondo Card. Giovanni Colombo 996 $6245$aLe travail humain (Laborem exercens)$9(OLS)http://semarc/title/430076 996 $6264$aTournai :$bCentre Diocesain de Documentation$9(OLS)http://semarc/publisher/59117 LEADER 00542naa a2200145 i 4500 001 000000303368 003 CaOOAMICUS 005 20180831172758.0 008 180831n xx u000 u und u 013 $a11149 040 $aSeMil$bita 100 1 $aFerretti, Giovanni,$d<1933- >.$0(OLS)http://semarc/name/4227 245 10$aFilosofia e teologia :$balla ricerca di un nuovo rapporto. 773 0 $tTeologia e filosofia.$dRoma : AVE, 1990.$kSaggi$w()38321 996 $6245$aFilosofia e teologia :$balla ricerca di un nuovo rapporto$9(OLS)http://semarc/title/379338